• 首页
  • 本馆介绍
  • 公告通知
  • 最新文献
  • 馆藏检索
  • 电子资源
  • 读者导购
  • 参考咨询
  • 我的图书馆
  • 登录
  • 详细信息显示
  • 放入我的书架
  • 预约/预借图书
  • 作者相关作品
  • 分类相关作品
  • 丛书相关作品
  • 出版社相关作品

书目信息

  • 表格格式
  • 工作单格式
  • 卡片格式
题名:
审美经验现象学
    
 
作者: 米.杜夫海纳 著
分册: 上  
出版信息: 北京   文化艺术出版社  1996.08
页数: 269页
开本: 32开
丛书名: 思想者书系
单 册:
中图分类: B83-0
科图分类:
主题词: 美学
电子资源:
ISBN: 7-5039-0990-0
000 00631nam0 2200217 45
001 0110241004
005 20031219104051.2
010    @a7-5039-0990-0@dCNY30.00
100    @a20011024d1996 km y0chiy0120 ea
101 0  @achi@cfre
105    @a z 000yy
200 1  @a审美经验现象学@h上@AShen Mei Jing Yan Xian Xiang Xue@f(法)米.杜夫海纳著@F(Fa)Mi.Du Fu Hai Na Zhu
210    @a北京@c文化艺术出版社@d1996.08
215    @a269页@d32开
225    @a思想者书系
410    @12001 @a思想者书系
606 0  @a美学
690    @aB83-0@v4
701    @a米.杜夫海纳@4著
801    @aCN@bTSTC@c20011024
905    @f5@b299882-886@dB83-0@e142:1
    
    审美经验现象学.上/(法)米.杜夫海纳著.-北京:文化艺术出版社,1996.08
    269页;32开.-(思想者书系)
    
    
    ISBN 7-5039-0990-0:CNY30.00
    
●
相关链接 在E读中查询图书 在五车中查询图书 在当当中查询图书 在豆瓣中查询图书


正题名:审美经验现象学     索取号:B83-0/142:1         预约/预借

序号 登录号 条形码 馆藏地/架位号 状态 备注
1 0299882   202998827   密集书库/ [索取号:B83-0/142:1] 在馆    
2 0299883   202998836   密集书库/ [索取号:B83-0/142:1] 在馆    
3 0299884   202998845   密集书库/ [索取号:B83-0/142:1] 在馆    
4 0299885   202998854   第一样本阅览室/ [索取号:B83-0/142:1] 在馆    
5 0299886   202998863   第一借阅区/ [索取号:B83-0/142:1] 在馆    
6 0300686   203006861   密集书库/ [索取号:B83-0/142:1] 在馆    
7 0300687   203006870   密集书库/ [索取号:B83-0/142:1] 在馆    
8 0300688   203006889   密集书库/ [索取号:B83-0/142:1] 在馆    
9 0300689   203006898   密集书库/ [索取号:B83-0/142:1] 在馆    
10 0300690   203006905   密集书库/ [索取号:B83-0/142:1] 在馆    
唐山师范学院图书馆 欢迎您!
大连网信软件有限公司© 版权所有